Quizzes
Events
Quiz Creation
Community
Videos
Private Events
Remove Ads
Sign In
Join for FREE
Feedback
Dark Mode
Quiz Categories
Sports
Geography
Music
Movies
Television
Just For Fun
Miscellaneous
History
Literature
Language
Science
Gaming
Entertainment
Religion
Holiday
For Kids
Quiz Lab
Recent
Popular Today
Quiz Kudos Today
Editor Picks
Curator Picks
Quizzes by...
Day
Popularity
Type
Ratings
Length
Year
Community
Subscriptions
Recent Discussions
Orange Saloon
Badges
Playlists
Quests
Create
Leaderboards
Showdown
Live 5
Trivia Bingo
Activity
Puzzle Library
Sporcle Events
Private Events
Virtual Trivia
Globe League
Become a Host
Pub Owners
SporcleCon
Opinionation
Our Games
Videos
Blog
Mobile Apps
Partnerships
Remove Ads and Go Orange
Feedback
Religion
Mythology
Religious Music
World Religions
Bible
Christianity
Catholicism
Judaism
Church
Scripture
Islam
Verse
Religion
Mythology
Religious Music
World Religions
Bible
Christianity
Catholicism
Judaism
Church
Scripture
Islam
Verse
Random Quiz
Search Sporcle
×
Quiz Lab
Quiz Lab
Religion
Type in answers that appear in a list
Type in answers that appear in a list
Classic
Best Score? Go Orange.
ðstmrhr Stats
Can you name the astmrhr?
By
8448830
10m
10 Questions
4 Plays
4 Plays
4 Plays
Comments
Comments
Give Quiz Kudos
Give Quiz Kudos
-
- Ratings
hide this ad
Random Order
Randomize order of answers
Randomize order of answers
Replay
Link that replays current quiz
Next Quiz
Link to next quiz in quiz playlist
You Got
0%
They Got
Avg Score
37%
Avg Friend Score
Upgrade to see
Score Distribution
Jump to the score distribution portion of the page
Score
0/10
Timer
10:00
0
Plays Today
Ráðuneyti
Aðstoðarmaður
% Correct
Forsætisráðherra
Hrannar Arnarson
75%
Utanríkisráðherra
Kristján Burgess
50%
Efnahags-
og viðskiptaráðherra
Kristrún Heimisdóttir
50%
Fjármálaráðherra
Huginn Þorsteinsson
50%
Menntamálaráðherra
Elías Guðjónsson
25%
Iðnaðarráðherra
Kolbeinn Marteinsson
25%
Sjávarútvegs-
og landbúnaðarráðherra
Árni Snæbjörnsson
25%
Umhverfisráðherra
Andrés Jónsson
25%
Innanríkisráðherra
Halla Gunnarsdóttir
25%
Velferðarráðyneyti
Anna Sigrún Baldursdóttir
25%
Quiz Playlist
Details
Report
Send in Message
Add To Playlist
Classic:
Type in answers that appear in a list
Random Order:
Randomize order of answers
Last Updated: Feb 16, 2017
Quiz Scoreboard
CHALLENGE
Sign Up to Join the Scoreboard
Show All
Scores
Hide
Comments
May contain spoilers
Recently Published
Click the 1999 NBA Draft
by nibperrychub
Sports
2m
Alphabetical 'K' Countries by Flag Minefield
by ylime102
Geography
3m
Pick 6: Fruits
by JohnFran
Miscellaneous
15s
More to Explore
Quiz From the Vault
Featured Blog Post
15 Basketball Trivia Facts You Can Be March Mad About
hide this ad
You Might Also Like...
Tags
This quiz does not have any tags.
Today's Top Quizzes in Religion
Browse Religion
hide this ad
Top Contributed Quizzes in Religion
1
Bible Bunker: Genesis
2
Follow That Line: Easter Verses
3
Bible Bunker: Exodus
4
Word Ladder: Mythological Mothers
5
Quick Pick: Continental Religions
6
Criteria Quickie: Biblical Names
7
Get the Picture: Seasonal Deities
8
Mythology in Media: Jesus
9
Word Ladder: Holy Books
10
Hymn Lyrics: Jesus I My Cross Have Taken
Explore More
Trending Topics
Harry Potter
Anime
Disney
NBA
Kpop
Marvel
Crossword
Soccer
Puzzle
Pokémon
WWE
Song
The Office
Country
NFL
hide this ad
More By:
8448830
Quiz
Plays
Rating
Category
Featured
Created
embar afg
6
Just For Fun
Feb 13, 2012
SHÍERLEN
4
Just For Fun
Jan 3, 2012
sv afg.
4
Just For Fun
Feb 12, 2012
ðstmrhr
4
Religion
Dec 20, 2011
rnstjrr
3
1.00
Entertainment
Dec 19, 2011
Go to Creator's Profile
Score Distribution
Quiz Creator Spotlight
8448830
Follow
Send a Message
Quizzes Created
-
Created Quiz Play Count
-
More By This Creator
Popular Quizzes Today
1
Countries of Asia Without Outlines Minefield
2
Find the US States - No Outlines Minefield
3
Pick 6: Fruits
4
Alphabetical 'K' Countries by Flag Minefield
5
The Countries of the World
6
Find the US States
7
US States
8
Match the Book to the Film X
More Religion Quizzes
► Name Any... Christianity and Islam
Editor's Pick
Trending Quizzes
Pick 6: Harry Potter
Pick 6: Mountains
Pick 6: NFL Teams
Pick 6: Flags
Pick 6: Movie Franchises
Recently Updated
NWSL Teams
pecheneg
Women's Final Four Teams by Year
bhenderson79
Presidents Quartet II
eogle
Anything But Clue(do)
eogle
Anything But Oceanian Capitals
eogle
Anything But 7
eogle
Anything But Thing
eogle
Word Ladder: February 29
pecheneg
Song Title Questions
pecheneg
Women's NCAA Tournament #1 Seeds
pecheneg
Trending Topics
Anime
Crossword
Marvel
NBA
Harry Potter
Kpop
Disney
Soccer
Pokémon
NFL
WWE
Country
The Office
Song
Puzzle
Your Account Isn't Verified!
In order to create a playlist on Sporcle, you need to verify the email address you used during registration. Go to your
Sporcle Settings
to finish the process.
Report this User
Report this user for behavior that violates our
Community Guidelines
.
Details:
Send Report
Go to the Sporcle.com Mobile Site →
Comments